000
00314 a2200109 4500
001
ART_22280
005
20260410161928.0
008
260409a
245
1
0
_a
La CONADEP treinta años después
100
1
_a
Crenzel, Emilio
773
0
_t
Derechos humanos
_g
- Año II, Nº 4 (nov. 2013)
_w
REV22278
999
_c
28315
_d
28315